عرض عادي
عرض مارك
- الجمعيات السرية
دخول Topical Term
001 - CONTROL NUMBER
- control field: 27011
003 - CONTROL NUMBER IDENTIFIER
- control field: AE-AdECS
005 - DATE AND TIME OF LATEST TRANSACTION
- control field: 20260226095509.0
008 - FIXED-LENGTH DATA ELEMENTS
- fixed length control field: 260226|| aca||aabn | a|a d
040 ## - CATALOGING SOURCE
- Original cataloging agency: AE-AdECS
- Transcribing agency: AE-AdECS
150 ## - HEADING--TOPICAL TERM
- Topical term or geographic name entry element: الجمعيات السرية
670 ## - SOURCE DATA FOUND
- Source citation: Work cat.: (AE-AdECS)294335: العمراني، سلامة مؤلف. 27010, الأفعى الرمزية تحكم العالم /
